000 00462nam a2200193Ia 4500
005 20250603144850.0
008 250603s9999 xx 000 0 und d
020 _a100122268008
050 _aQR 9 .L43/
100 _aEdited by Lederberg, Joshua.
245 0 _aEncyclopedia of microbiology[vol.3]
250 _a2nd ed.
260 _aSan Diego
260 _bAcademic Press
260 _c2000
300 _a909 p
650 _aSan Diego
942 _cBK
999 _c40183
_d40183